Statistics for Geography with Short Names

Click here to take the quiz!

General Stats

  • This quiz has been taken 159 times
  • The average score is 16 of 20

Answer Stats

ClueAnswer% Correct
Word before "Francisco, CA"San
96%
Word before "Angeles, CA"Los
96%
Obama's country of residenceUSA
95%
Country in South AmericaPeru
94%
Castro family's nationCuba
94%
State abbreviation of TexasTX
94%
Its capital cityLima
91%
Japanese currencyYen
91%
England's country (acronym)UK
89%
Japan's tallest mountainFuji
88%
Site of the Great PyramidGiza
85%
Moroccan "hat" cityFes
85%
Dutch and French currencyEuro
84%
North Korean "Jong-Un"Kim
83%
2016 Olympic host cityRio
81%
Kilamanjaro, Everest, e.g.Mt
78%
Cleveland's and Buffalo's lakeErie
73%
Former name of Tokyo, JapanEdo
64%
Longest river in West SiberiaOb
37%
Chinese language of 80 mil.Wu
32%

Score Distribution

Percentile by Number Answered

Percent of People with Each Score

Your Score History

You have not taken this quiz